| 000 | 00489nam a2200193Ia 4500 | ||
|---|---|---|---|
| 003 | OSt | ||
| 005 | 20260625161823.0 | ||
| 008 | 210210b1969 xxu||||| |||| 00| 0 eng d | ||
| 040 | _cAL | ||
| 041 | _aeng | ||
| 082 | _a305.896073 MCCL | ||
| 100 |
_aWilliam Mccord and others _9266011 |
||
| 245 | _aLife styles in the black ghetto | ||
| 260 |
_aNew York. _bW.W. Norton & Company Inc., _c1969 |
||
| 300 | _a334p | ||
| 690 |
_aEthnic Groups _9266012 |
||
| 906 | _a041799 | ||
| 942 |
_2ddc _cBK |
||
| 999 |
_c91630 _d91630 |
||